| 000 | 00388pab a2200157 454500 | ||
|---|---|---|---|
| 008 | 180718b2003 xxu||||| |||| 00| 0 eng d | ||
| 100 | _aBanerjee, Subrata | ||
| 245 | _aSino-Indian relations | ||
| 260 | _c2003 | ||
| 300 | _ap.107-10. | ||
| 362 | _a27 Dec | ||
| 650 | _aIndia - Foreign relations - China | ||
| 650 | _aInternational relations | ||
| 773 | _aMainstream | ||
| 909 | _a59062 | ||
| 999 |
_c59062 _d59062 |
||